000
00237 a2200085 4500
020
_a
9789390325580
100
_a
Eapen, Lalitha
_9
1392
245
_a
Pentacle integrated semester book lite grade 3 semester1
260
_b
Pearson India Pvt. Ltd.
_c
2021
999
_c
962
_d
962